000 01501nam a2200385 i 4500
001 ELB266723
003 FINmELB
005 20250326042544.0
006 m o d |
007 cr cnu||||||||
008 240528s2022 cl o 001 0 spa d
020 _a9788419372574
_q(print)
035 _a(OCoLC)1441735915
040 _aFINmELB
_bspa
_erda
_cFINmELB
050 4 _aNA865
_bE749 2022
080 _a71(83)
082 0 4 _a720.983
_223
100 1 _aEscudero Peña, Natalia,
_eautora.
245 1 0 _aParrochia urbanista :
_bEscritos, Entrevistas, Conferencias /
_cNatalia Escudero Peña, María Isabel Pavez Reyes.
264 1 _aSantiago de Chile :
_bRIL Editores,
_c2022.
300 _a1 recurso en línea (426 páginas)
336 _atexto
_btxt
_2rdacontent/spa
337 _acomputadora
_bc
_2rdamedia/spa
338 _arecurso en línea
_bcr
_2rdacarrier/spa
500 _aIncluye índice.
588 _aDescripción basada en metadatos suministrados por el editor y otras fuentes.
590 _aRecurso electrónico. Santa Fe, Arg.: elibro, 2024. Disponible vía World Wide Web. El acceso puede estar limitado para las bibliotecas afiliadas a elibro.
600 1 4 _aParrochia B., Juan A.,
_d1930-2016,
_xcrítica e interpretación.
650 4 _aArquitectos
_zChile.
650 4 _aUrbanistas
_zChile.
655 4 _aLibros electrónicos.
700 1 _aPavez Reyes, María Isabel,
_eautora.
797 2 _aelibro, Corp.
856 4 0 _uhttps://elibro.net/ereader/usam/266723
999 _c130761
_d130761